The torture papers : (Record no. 13961)

000 -LEADER
fixed length control field 00821cam a22002414a 4500
020 ## - INTERNATIONAL STANDARD BOOK NUMBER
ISBN 9780521853248 (hardcover)
020 ## - INTERNATIONAL STANDARD BOOK NUMBER
ISBN 0521853249 (hardcover)
040 ## - CATALOGING SOURCE
Transcribing agency DLC
082 00 - DEWEY DECIMAL CLASSIFICATION NUMBER
Classification number 973 CAM 2005 A104 Or.
245 04 - TITLE STATEMENT
Title The torture papers :
Remainder of title the road to Abu Ghraib /
260 ## - PUBLICATION, DISTRIBUTION, ETC. (IMPRINT)
Place of publication New York :
Name of publisher Cambridge University Press,
Year of publication 2005.
300 ## - PHYSICAL DESCRIPTION
Number of Pages xxxiv, 1249 p. :
Other physical details ill. ;
Dimensions 27 cm.
650 #0 - SUBJECT ADDED ENTRY--TOPICAL TERM
Topical Term Iraq War, 2003-2011
650 #0 - SUBJECT ADDED ENTRY--TOPICAL TERM
Topical Term Iraq War, 2003-2011
650 #0 - SUBJECT ADDED ENTRY--TOPICAL TERM
Topical Term Torture
650 #0 - SUBJECT ADDED ENTRY--TOPICAL TERM
Topical Term Political prisoners
700 1# - ADDED ENTRY--PERSONAL NAME
Personal name Greenberg, Karen J.
700 1# - ADDED ENTRY--PERSONAL NAME
Personal name Dratel, Joshua L.,
856 41 - ELECTRONIC LOCATION AND ACCESS
Uniform Resource Identifier http://www.loc.gov/catdir/toc/ecip056/2005000121.html
856 42 - ELECTRONIC LOCATION AND ACCESS
Uniform Resource Identifier http://www.loc.gov/catdir/enhancements/fy0632/2005000121-d.html
856 42 - ELECTRONIC LOCATION AND ACCESS
Uniform Resource Identifier http://www.loc.gov/catdir/enhancements/fy0733/2005000121-b.html
942 ## - ADDED ENTRY ELEMENTS (KOHA)
Koha item type សៀវភៅភាសាអង់គ្លេស
952 ## - LOCATION AND ITEM INFORMATION (KOHA)
Withdrawn status [LOCAL, KOHA] 0
Holdings
Permanent Location Date acquired Koha item type Lost status Shelving location Barcode Current Location Full call number
Library Block A2017-10-03សៀវភៅភាសាអង់គ្លេស A104A22161Library Block A973 CAM 2005 A104 Or.
មជ្ឈមណ្ឌលឯការនៃសាកលវិទ្យាល័យភូមិន្ទកសិកម្មចំការដូង

Powered by Koha